Czechoslovakia Multiple Choice Quiz - Statistics

General Stats
  • This quiz has been taken 17 times
  • The average score is 6 of 10
Answer Stats
Question Answer % Correct
When was Czechoslovakia officially founded for the first time? 1918
88%
What was the currency of Czechoslovakia? Czechoslovak koruna
81%
What could be said of "Gerlachovský štít" which can be found in the Northern part of Slovakia? It was the highest peak of Czechoslovakia.
81%
In which sport did Věra Čáslavská win multiple events at the Olympics and break multiple world records? gymnastics
63%
Which of these pictures shows "Večerníček", an animated creature to introduce a short goodnight story for children on TV every evening?
56%
Some of the original Czechoslovak lands are now part of a different country. Which one? Ukraine
56%
How did the Communist Party come into power in Czechoslovakia? It was democratically elected.
50%
Why did Czechoslovakia break apart in the 1990s? The Czech president and Slovak Prime Minister decided to do so.
50%
What was the national anthem of Czechoslovakia? The current Czech anthem ("Kde domov můj") followed by the current Slovak anthem ("Nad Tatrou sa blýska")
44%
Which of these pictures shows a popular Czechoslovak-East German rendition of Cinderella?
38%
No matching quizzes found
Score Distribution
Percent of People with Each Score
Percentile by Number Answered
Your Score History
You have not taken this quiz